Datum a čas kvízu
23
Celkem bodů
Celkový počet nahraných bodů na tomto kvízu bez doplňovacích otázek.
9.
Pořadí na kvízu
Konečné umístění týmu na tomto kvízu.
Zaznamenané odpovědi
| # | Otázka | Odpověď | Body | Výsledky |
|---|---|---|---|---|
| 1. | První číslo československé ver... | 1 | ||
| 2. | Ukrajinská prokuratura žádá 15... | 0 | ||
| 3. | Budapešťské kulturní akci, kte... | 1 | ||
| 4. | České vedení britského řetězce... | 0 | ||
| 5. | Na začátku září odehraje česká... | 1 | ||
| 6. | V roce 2015 vypustily japonské... | 1 | ||
| 7. | Napište podtitul druhého dílu... | 1 | ||
| 8. | Humanoidní robot, který má pod... | 0 | ||
| 9. | Mezi roboty můžeme svým způsob... | 1 | ||
| 10. | Nesmíme opomenout Karla Čapka... | 1 |